O prvých vyobrazeniach Dobšinskej ľadovej jaskyne (kresby a maľby, fotografie, pohľadnice)

Bibliographic Details
Main Author: Székely, Kinga (Author)
Format: Article
Language:Slovak
PhysicalDescription:Obr. 13, lit. 13 zázn.
ISBN:808872323X
Subjects:

MARC

LEADER 00000nab a2200000 a 4500
001 vtls000620989
003 SK-MaSNL
005 20260303204039.0
008 160629c xo 0 slo
015 |a SNBRA19rr/mm-uuuuu 
035 |a CL0621128 
040 |a SNKBUCL  |b slo  |c SNKBUCL  |e AACR2 
041 0 |a slo 
044 |a xo  |c SK 
080 |a 551.444.6(437.6)  |2 1981 
080 |a 502.64  |2 1981 
100 1 |a Székely, Kinga  |4 aut  |9 827476 
245 1 0 |a O prvých vyobrazeniach Dobšinskej ľadovej jaskyne (kresby a maľby, fotografie, pohľadnice)  |c Kinga Székely 
300 |b Obr. 13, lit. 13 zázn. 
650 0 7 |a kresby  |2 snkbucl  |9 30084 
650 0 7 |a maľby  |2 snkbucl  |9 313520 
650 0 7 |a fotografia  |2 snkbucl  |9 1694 
650 0 7 |a pohľadnice  |2 snkbucl  |9 30449 
650 0 7 |a jaskyne  |2 snkbucl  |9 20772 
651 7 |a Dobšinská ľadová jaskyňa (Slovensko)  |2 snkbucl  |9 20637 
655 7 |a články zo zborníkov  |2 snkbucl  |9 166140 
773 0 |z 808872323X  |t Ochrana ľadových jaskýň  |d Žilina  |g S. 47-56 
850 |a Slovenská národná knižnica v Martine  |a MTA001 
852 |a SNK  |b KIS3GCP 
958 |a SK 
958 |a NB 
958 |a RK 
958 |a RZB 
999 |c 2188213  |d 2190143